| 000 | 00825nam a2200241 a 4500 | ||
|---|---|---|---|
| 001 | 000019569 | ||
| 005 | 20200929170048.0 | ||
| 008 | 100630s1972 mx a 000 0 spa d | ||
| 040 |
_aDO-SdBNP _bspa _cBNPHU |
||
| 041 | 1 | 7 |
_aspa _heng _2Código de idioma MARC |
| 082 |
_a301.0175 _bR451p |
||
| 100 | 1 |
_aRevelle, Roger, _941980 |
|
| 240 | 1 | 0 |
_aRapid population growth. _lEspañol. |
| 245 | 1 | 0 |
_aPaternidad responsable / _cRoger Revelle [et al.] ... |
| 260 |
_aMéxico : _bAsociados, _c1972. |
||
| 300 |
_a216 p. : _bil. ; _c20 cm. |
||
| 490 | 1 | _aActualidad políticosocial | |
| 534 |
_pTítulo original en inglés: _tRapid population growth. _cBaltimore : The Johns Hopkins, 1971 |
||
| 500 | _aIncluye índice | ||
| 650 | 4 |
_aPaternidad (psicología) _941981 |
|
| 830 | 0 |
_aActualidad políticosocial. _941982 |
|
| 049 | _aBNGR | ||
| 999 |
_c19085 _d19085 |
||